{"text_format":"3","workbook":"xlsx","n_sheets":25,"sheets":["Total","1","2","3","4","5","6","7","8","9","10","11","12","13","14","15","16","17","18","19","20","21","22","23","24"],"not_rendered":{"defined_names":175},"read":"whole","date_system":"1900"}

{"sheet":"Total","index":0,"n_rows":12,"n_cols":32,"rows_kept":12,"merged":[[0,0,0,31],[2,1,2,12],[2,14,2,20],[2,21,2,23],[2,24,2,26],[3,1,3,12],[3,14,3,20],[3,21,3,23],[3,24,3,26],[4,1,4,12],[4,14,4,20],[4,21,4,23],[5,1,5,12],[6,1,6,12],[7,1,7,12],[9,0,10,0],[9,1,9,24],[9,25,9,26],[9,27,9,28],[9,29,9,30],[9,31,10,31]]}
["TRAFFIC DAILY COUNTING"]
[]
["Name"," ",{"$nulls":12},"Day with maximum intensity",{"$nulls":6},{"$f":"INDIRECT(ADDRESS(MATCH(Y3,values_Total,0)+11,1))","v":{"$error":"#REF!"}},null,null,{"$f":"MAX(values_Total)","v":{"$error":"#REF!"}}]
["Location"," ",{"$nulls":12},"Hour with maximum intensity",{"$nulls":6},{"$f":"INDIRECT(ADDRESS(MATCH(Y4,values_RushTotal,0)+11,27))","v":{"$error":"#REF!"}},null,null,{"$f":"MAX(values_RushTotal)","v":{"$error":"#REF!"}}]
["Description"," ",{"$nulls":12},"Time with maximum intensity (more repeated)"]
["Lane"," "]
["Start date"," "]
["End Date"," "]
[]
["Date","Hour",{"$nulls":23},"Rush hour",null,"Day traffic 06-22",null,"Night traffic 22-06",null,"Total"]
[null,0,1,2,3,4,5,6,7,8,9,10,11,12,13,14,15,16,17,18,19,20,21,22,23,"Intensity","Hour","Intensity","%","Intensity","%"]
["00:00:00"]

{"sheet":"1","index":1,"n_rows":12,"n_cols":32,"rows_kept":12,"merged":[[0,0,0,31],[2,1,2,12],[2,14,2,20],[2,21,2,23],[2,24,2,26],[3,1,3,12],[3,14,3,20],[3,21,3,23],[3,24,3,26],[4,1,4,12],[4,14,4,20],[4,21,4,23],[5,1,5,12],[6,1,6,12],[7,1,7,12],[9,0,10,0],[9,1,9,24],[9,25,9,26],[9,27,9,28],[9,29,9,30],[9,31,10,31]]}
["TRAFFIC DAILY COUNTING"]
[]
["Name"," ",{"$nulls":12},"Day with maximum intensity",{"$nulls":6},{"$f":"INDIRECT(ADDRESS(MATCH(Y3,values_Total,0)+11,1))","v":{"$error":"#REF!"}},null,null,{"$f":"MAX(values_Total)","v":{"$error":"#REF!"}}]
["Location"," ",{"$nulls":12},"Hour with maximum intensity",{"$nulls":6},{"$f":"INDIRECT(ADDRESS(MATCH(Y4,values_RushTotal,0)+11,27))","v":{"$error":"#REF!"}},null,null,{"$f":"MAX(values_RushTotal)","v":{"$error":"#REF!"}}]
["Description"," ",{"$nulls":12},"Time with maximum intensity (more repeated)"]
["Lane"," "]
["Start date"," "]
["End Date"," "]
[]
["Date","Hour",{"$nulls":23},"Rush hour",null,"Day traffic 06-22",null,"Night traffic 22-06",null,"Total"]
[null,0,1,2,3,4,5,6,7,8,9,10,11,12,13,14,15,16,17,18,19,20,21,22,23,"Intensity","Hour","Intensity","%","Intensity","%"]
["00:00:00"]

{"sheet":"2","index":2,"n_rows":12,"n_cols":32,"rows_kept":12,"merged":[[0,0,0,31],[2,1,2,12],[2,14,2,20],[2,21,2,23],[2,24,2,26],[3,1,3,12],[3,14,3,20],[3,21,3,23],[3,24,3,26],[4,1,4,12],[4,14,4,20],[4,21,4,23],[5,1,5,12],[6,1,6,12],[7,1,7,12],[9,0,10,0],[9,1,9,24],[9,25,9,26],[9,27,9,28],[9,29,9,30],[9,31,10,31]]}
["TRAFFIC DAILY COUNTING"]
[]
["Name"," ",{"$nulls":12},"Day with maximum intensity",{"$nulls":6},{"$f":"INDIRECT(ADDRESS(MATCH(Y3,values_Total,0)+11,1))","v":{"$error":"#REF!"}},null,null,{"$f":"MAX(values_Total)","v":{"$error":"#REF!"}}]
["Location"," ",{"$nulls":12},"Hour with maximum intensity",{"$nulls":6},{"$f":"INDIRECT(ADDRESS(MATCH(Y4,values_RushTotal,0)+11,27))","v":{"$error":"#REF!"}},null,null,{"$f":"MAX(values_RushTotal)","v":{"$error":"#REF!"}}]
["Description"," ",{"$nulls":12},"Time with maximum intensity (more repeated)"]
["Lane"," "]
["Start date"," "]
["End Date"," "]
[]
["Date","Hour",{"$nulls":23},"Rush hour",null,"Day traffic 06-22",null,"Night traffic 22-06",null,"Total"]
[null,0,1,2,3,4,5,6,7,8,9,10,11,12,13,14,15,16,17,18,19,20,21,22,23,"Intensity","Hour","Intensity","%","Intensity","%"]
["00:00:00"]

{"sheet":"3","index":3,"n_rows":12,"n_cols":32,"rows_kept":12,"merged":[[0,0,0,31],[2,1,2,12],[2,14,2,20],[2,21,2,23],[2,24,2,26],[3,1,3,12],[3,14,3,20],[3,21,3,23],[3,24,3,26],[4,1,4,12],[4,14,4,20],[4,21,4,23],[5,1,5,12],[6,1,6,12],[7,1,7,12],[9,0,10,0],[9,1,9,24],[9,25,9,26],[9,27,9,28],[9,29,9,30],[9,31,10,31]]}
["TRAFFIC DAILY COUNTING"]
[]
["Name"," ",{"$nulls":12},"Day with maximum intensity",{"$nulls":6},{"$f":"INDIRECT(ADDRESS(MATCH(Y3,values_Total,0)+11,1))","v":{"$error":"#REF!"}},null,null,{"$f":"MAX(values_Total)","v":{"$error":"#REF!"}}]
["Location"," ",{"$nulls":12},"Hour with maximum intensity",{"$nulls":6},{"$f":"INDIRECT(ADDRESS(MATCH(Y4,values_RushTotal,0)+11,27))","v":{"$error":"#REF!"}},null,null,{"$f":"MAX(values_RushTotal)","v":{"$error":"#REF!"}}]
["Description"," ",{"$nulls":12},"Time with maximum intensity (more repeated)"]
["Lane"," "]
["Start date"," "]
["End Date"," "]
[]
["Date","Hour",{"$nulls":23},"Rush hour",null,"Day traffic 06-22",null,"Night traffic 22-06",null,"Total"]
[null,0,1,2,3,4,5,6,7,8,9,10,11,12,13,14,15,16,17,18,19,20,21,22,23,"Intensity","Hour","Intensity","%","Intensity","%"]
["00:00:00"]

{"sheet":"4","index":4,"n_rows":12,"n_cols":32,"rows_kept":12,"merged":[[0,0,0,31],[2,1,2,12],[2,14,2,20],[2,21,2,23],[2,24,2,26],[3,1,3,12],[3,14,3,20],[3,21,3,23],[3,24,3,26],[4,1,4,12],[4,14,4,20],[4,21,4,23],[5,1,5,12],[6,1,6,12],[7,1,7,12],[9,0,10,0],[9,1,9,24],[9,25,9,26],[9,27,9,28],[9,29,9,30],[9,31,10,31]]}
["TRAFFIC DAILY COUNTING"]
[]
["Name"," ",{"$nulls":12},"Day with maximum intensity",{"$nulls":6},{"$f":"INDIRECT(ADDRESS(MATCH(Y3,values_Total,0)+11,1))","v":{"$error":"#REF!"}},null,null,{"$f":"MAX(values_Total)","v":{"$error":"#REF!"}}]
["Location"," ",{"$nulls":12},"Hour with maximum intensity",{"$nulls":6},{"$f":"INDIRECT(ADDRESS(MATCH(Y4,values_RushTotal,0)+11,27))","v":{"$error":"#REF!"}},null,null,{"$f":"MAX(values_RushTotal)","v":{"$error":"#REF!"}}]
["Description"," ",{"$nulls":12},"Time with maximum intensity (more repeated)"]
["Lane"," "]
["Start date"," "]
["End Date"," "]
[]
["Date","Hour",{"$nulls":23},"Rush hour",null,"Day traffic 06-22",null,"Night traffic 22-06",null,"Total"]
[null,0,1,2,3,4,5,6,7,8,9,10,11,12,13,14,15,16,17,18,19,20,21,22,23,"Intensity","Hour","Intensity","%","Intensity","%"]
["00:00:00"]

{"sheet":"5","index":5,"n_rows":12,"n_cols":32,"rows_kept":12,"merged":[[0,0,0,31],[2,1,2,12],[2,14,2,20],[2,21,2,23],[2,24,2,26],[3,1,3,12],[3,14,3,20],[3,21,3,23],[3,24,3,26],[4,1,4,12],[4,14,4,20],[4,21,4,23],[5,1,5,12],[6,1,6,12],[7,1,7,12],[9,0,10,0],[9,1,9,24],[9,25,9,26],[9,27,9,28],[9,29,9,30],[9,31,10,31]]}
["TRAFFIC DAILY COUNTING"]
[]
["Name"," ",{"$nulls":12},"Day with maximum intensity",{"$nulls":6},{"$f":"INDIRECT(ADDRESS(MATCH(Y3,values_Total,0)+11,1))","v":{"$error":"#REF!"}},null,null,{"$f":"MAX(values_Total)","v":{"$error":"#REF!"}}]
["Location"," ",{"$nulls":12},"Hour with maximum intensity",{"$nulls":6},{"$f":"INDIRECT(ADDRESS(MATCH(Y4,values_RushTotal,0)+11,27))","v":{"$error":"#REF!"}},null,null,{"$f":"MAX(values_RushTotal)","v":{"$error":"#REF!"}}]
["Description"," ",{"$nulls":12},"Time with maximum intensity (more repeated)"]
["Lane"," "]
["Start date"," "]
["End Date"," "]
[]
["Date","Hour",{"$nulls":23},"Rush hour",null,"Day traffic 06-22",null,"Night traffic 22-06",null,"Total"]
[null,0,1,2,3,4,5,6,7,8,9,10,11,12,13,14,15,16,17,18,19,20,21,22,23,"Intensity","Hour","Intensity","%","Intensity","%"]
["00:00:00"]

{"sheet":"6","index":6,"n_rows":12,"n_cols":32,"rows_kept":12,"merged":[[0,0,0,31],[2,1,2,12],[2,14,2,20],[2,21,2,23],[2,24,2,26],[3,1,3,12],[3,14,3,20],[3,21,3,23],[3,24,3,26],[4,1,4,12],[4,14,4,20],[4,21,4,23],[5,1,5,12],[6,1,6,12],[7,1,7,12],[9,0,10,0],[9,1,9,24],[9,25,9,26],[9,27,9,28],[9,29,9,30],[9,31,10,31]]}
["TRAFFIC DAILY COUNTING"]
[]
["Name"," ",{"$nulls":12},"Day with maximum intensity",{"$nulls":6},{"$f":"INDIRECT(ADDRESS(MATCH(Y3,values_Total,0)+11,1))","v":{"$error":"#REF!"}},null,null,{"$f":"MAX(values_Total)","v":{"$error":"#REF!"}}]
["Location"," ",{"$nulls":12},"Hour with maximum intensity",{"$nulls":6},{"$f":"INDIRECT(ADDRESS(MATCH(Y4,values_RushTotal,0)+11,27))","v":{"$error":"#REF!"}},null,null,{"$f":"MAX(values_RushTotal)","v":{"$error":"#REF!"}}]
["Description"," ",{"$nulls":12},"Time with maximum intensity (more repeated)"]
["Lane"," "]
["Start date"," "]
["End Date"," "]
[]
["Date","Hour",{"$nulls":23},"Rush hour",null,"Day traffic 06-22",null,"Night traffic 22-06",null,"Total"]
[null,0,1,2,3,4,5,6,7,8,9,10,11,12,13,14,15,16,17,18,19,20,21,22,23,"Intensity","Hour","Intensity","%","Intensity","%"]
["00:00:00"]

{"sheet":"7","index":7,"n_rows":12,"n_cols":32,"rows_kept":12,"merged":[[0,0,0,31],[2,1,2,12],[2,14,2,20],[2,21,2,23],[2,24,2,26],[3,1,3,12],[3,14,3,20],[3,21,3,23],[3,24,3,26],[4,1,4,12],[4,14,4,20],[4,21,4,23],[5,1,5,12],[6,1,6,12],[7,1,7,12],[9,0,10,0],[9,1,9,24],[9,25,9,26],[9,27,9,28],[9,29,9,30],[9,31,10,31]]}
["TRAFFIC DAILY COUNTING"]
[]
["Name"," ",{"$nulls":12},"Day with maximum intensity",{"$nulls":6},{"$f":"INDIRECT(ADDRESS(MATCH(Y3,values_Total,0)+11,1))","v":{"$error":"#REF!"}},null,null,{"$f":"MAX(values_Total)","v":{"$error":"#REF!"}}]
["Location"," ",{"$nulls":12},"Hour with maximum intensity",{"$nulls":6},{"$f":"INDIRECT(ADDRESS(MATCH(Y4,values_RushTotal,0)+11,27))","v":{"$error":"#REF!"}},null,null,{"$f":"MAX(values_RushTotal)","v":{"$error":"#REF!"}}]
["Description"," ",{"$nulls":12},"Time with maximum intensity (more repeated)"]
["Lane"," "]
["Start date"," "]
["End Date"," "]
[]
["Date","Hour",{"$nulls":23},"Rush hour",null,"Day traffic 06-22",null,"Night traffic 22-06",null,"Total"]
[null,0,1,2,3,4,5,6,7,8,9,10,11,12,13,14,15,16,17,18,19,20,21,22,23,"Intensity","Hour","Intensity","%","Intensity","%"]
["00:00:00"]

{"sheet":"8","index":8,"n_rows":12,"n_cols":32,"rows_kept":12,"merged":[[0,0,0,31],[2,1,2,12],[2,14,2,20],[2,21,2,23],[2,24,2,26],[3,1,3,12],[3,14,3,20],[3,21,3,23],[3,24,3,26],[4,1,4,12],[4,14,4,20],[4,21,4,23],[5,1,5,12],[6,1,6,12],[7,1,7,12],[9,0,10,0],[9,1,9,24],[9,25,9,26],[9,27,9,28],[9,29,9,30],[9,31,10,31]]}
["TRAFFIC DAILY COUNTING"]
[]
["Name"," ",{"$nulls":12},"Day with maximum intensity",{"$nulls":6},{"$f":"INDIRECT(ADDRESS(MATCH(Y3,values_Total,0)+11,1))","v":{"$error":"#REF!"}},null,null,{"$f":"MAX(values_Total)","v":{"$error":"#REF!"}}]
["Location"," ",{"$nulls":12},"Hour with maximum intensity",{"$nulls":6},{"$f":"INDIRECT(ADDRESS(MATCH(Y4,values_RushTotal,0)+11,27))","v":{"$error":"#REF!"}},null,null,{"$f":"MAX(values_RushTotal)","v":{"$error":"#REF!"}}]
["Description"," ",{"$nulls":12},"Time with maximum intensity (more repeated)"]
["Lane"," "]
["Start date"," "]
["End Date"," "]
[]
["Date","Hour",{"$nulls":23},"Rush hour",null,"Day traffic 06-22",null,"Night traffic 22-06",null,"Total"]
[null,0,1,2,3,4,5,6,7,8,9,10,11,12,13,14,15,16,17,18,19,20,21,22,23,"Intensity","Hour","Intensity","%","Intensity","%"]
["00:00:00"]

{"sheet":"9","index":9,"n_rows":12,"n_cols":32,"rows_kept":12,"merged":[[0,0,0,31],[2,1,2,12],[2,14,2,20],[2,21,2,23],[2,24,2,26],[3,1,3,12],[3,14,3,20],[3,21,3,23],[3,24,3,26],[4,1,4,12],[4,14,4,20],[4,21,4,23],[5,1,5,12],[6,1,6,12],[7,1,7,12],[9,0,10,0],[9,1,9,24],[9,25,9,26],[9,27,9,28],[9,29,9,30],[9,31,10,31]]}
["TRAFFIC DAILY COUNTING"]
[]
["Name"," ",{"$nulls":12},"Day with maximum intensity",{"$nulls":6},{"$f":"INDIRECT(ADDRESS(MATCH(Y3,values_Total,0)+11,1))","v":{"$error":"#REF!"}},null,null,{"$f":"MAX(values_Total)","v":{"$error":"#REF!"}}]
["Location"," ",{"$nulls":12},"Hour with maximum intensity",{"$nulls":6},{"$f":"INDIRECT(ADDRESS(MATCH(Y4,values_RushTotal,0)+11,27))","v":{"$error":"#REF!"}},null,null,{"$f":"MAX(values_RushTotal)","v":{"$error":"#REF!"}}]
["Description"," ",{"$nulls":12},"Time with maximum intensity (more repeated)"]
["Lane"," "]
["Start date"," "]
["End Date"," "]
[]
["Date","Hour",{"$nulls":23},"Rush hour",null,"Day traffic 06-22",null,"Night traffic 22-06",null,"Total"]
[null,0,1,2,3,4,5,6,7,8,9,10,11,12,13,14,15,16,17,18,19,20,21,22,23,"Intensity","Hour","Intensity","%","Intensity","%"]
["00:00:00"]

{"sheet":"10","index":10,"n_rows":12,"n_cols":32,"rows_kept":12,"merged":[[0,0,0,31],[2,1,2,12],[2,14,2,20],[2,21,2,23],[2,24,2,26],[3,1,3,12],[3,14,3,20],[3,21,3,23],[3,24,3,26],[4,1,4,12],[4,14,4,20],[4,21,4,23],[5,1,5,12],[6,1,6,12],[7,1,7,12],[9,0,10,0],[9,1,9,24],[9,25,9,26],[9,27,9,28],[9,29,9,30],[9,31,10,31]]}
["TRAFFIC DAILY COUNTING"]
[]
["Name"," ",{"$nulls":12},"Day with maximum intensity",{"$nulls":6},{"$f":"INDIRECT(ADDRESS(MATCH(Y3,values_Total,0)+11,1))","v":{"$error":"#REF!"}},null,null,{"$f":"MAX(values_Total)","v":{"$error":"#REF!"}}]
["Location"," ",{"$nulls":12},"Hour with maximum intensity",{"$nulls":6},{"$f":"INDIRECT(ADDRESS(MATCH(Y4,values_RushTotal,0)+11,27))","v":{"$error":"#REF!"}},null,null,{"$f":"MAX(values_RushTotal)","v":{"$error":"#REF!"}}]
["Description"," ",{"$nulls":12},"Time with maximum intensity (more repeated)"]
["Lane"," "]
["Start date"," "]
["End Date"," "]
[]
["Date","Hour",{"$nulls":23},"Rush hour",null,"Day traffic 06-22",null,"Night traffic 22-06",null,"Total"]
[null,0,1,2,3,4,5,6,7,8,9,10,11,12,13,14,15,16,17,18,19,20,21,22,23,"Intensity","Hour","Intensity","%","Intensity","%"]
["00:00:00"]

{"sheet":"11","index":11,"n_rows":12,"n_cols":32,"rows_kept":12,"merged":[[0,0,0,31],[2,1,2,12],[2,14,2,20],[2,21,2,23],[2,24,2,26],[3,1,3,12],[3,14,3,20],[3,21,3,23],[3,24,3,26],[4,1,4,12],[4,14,4,20],[4,21,4,23],[5,1,5,12],[6,1,6,12],[7,1,7,12],[9,0,10,0],[9,1,9,24],[9,25,9,26],[9,27,9,28],[9,29,9,30],[9,31,10,31]]}
["TRAFFIC DAILY COUNTING"]
[]
["Name"," ",{"$nulls":12},"Day with maximum intensity",{"$nulls":6},{"$f":"INDIRECT(ADDRESS(MATCH(Y3,values_Total,0)+11,1))","v":{"$error":"#REF!"}},null,null,{"$f":"MAX(values_Total)","v":{"$error":"#REF!"}}]
["Location"," ",{"$nulls":12},"Hour with maximum intensity",{"$nulls":6},{"$f":"INDIRECT(ADDRESS(MATCH(Y4,values_RushTotal,0)+11,27))","v":{"$error":"#REF!"}},null,null,{"$f":"MAX(values_RushTotal)","v":{"$error":"#REF!"}}]
["Description"," ",{"$nulls":12},"Time with maximum intensity (more repeated)"]
["Lane"," "]
["Start date"," "]
["End Date"," "]
[]
["Date","Hour",{"$nulls":23},"Rush hour",null,"Day traffic 06-22",null,"Night traffic 22-06",null,"Total"]
[null,0,1,2,3,4,5,6,7,8,9,10,11,12,13,14,15,16,17,18,19,20,21,22,23,"Intensity","Hour","Intensity","%","Intensity","%"]
["00:00:00"]

{"sheet":"12","index":12,"n_rows":12,"n_cols":32,"rows_kept":12,"merged":[[0,0,0,31],[2,1,2,12],[2,14,2,20],[2,21,2,23],[2,24,2,26],[3,1,3,12],[3,14,3,20],[3,21,3,23],[3,24,3,26],[4,1,4,12],[4,14,4,20],[4,21,4,23],[5,1,5,12],[6,1,6,12],[7,1,7,12],[9,0,10,0],[9,1,9,24],[9,25,9,26],[9,27,9,28],[9,29,9,30],[9,31,10,31]]}
["TRAFFIC DAILY COUNTING"]
[]
["Name"," ",{"$nulls":12},"Day with maximum intensity",{"$nulls":6},{"$f":"INDIRECT(ADDRESS(MATCH(Y3,values_Total,0)+11,1))","v":{"$error":"#REF!"}},null,null,{"$f":"MAX(values_Total)","v":{"$error":"#REF!"}}]
["Location"," ",{"$nulls":12},"Hour with maximum intensity",{"$nulls":6},{"$f":"INDIRECT(ADDRESS(MATCH(Y4,values_RushTotal,0)+11,27))","v":{"$error":"#REF!"}},null,null,{"$f":"MAX(values_RushTotal)","v":{"$error":"#REF!"}}]
["Description"," ",{"$nulls":12},"Time with maximum intensity (more repeated)"]
["Lane"," "]
["Start date"," "]
["End Date"," "]
[]
["Date","Hour",{"$nulls":23},"Rush hour",null,"Day traffic 06-22",null,"Night traffic 22-06",null,"Total"]
[null,0,1,2,3,4,5,6,7,8,9,10,11,12,13,14,15,16,17,18,19,20,21,22,23,"Intensity","Hour","Intensity","%","Intensity","%"]
["00:00:00"]

{"sheet":"13","index":13,"n_rows":12,"n_cols":32,"rows_kept":12,"merged":[[0,0,0,31],[2,1,2,12],[2,14,2,20],[2,21,2,23],[2,24,2,26],[3,1,3,12],[3,14,3,20],[3,21,3,23],[3,24,3,26],[4,1,4,12],[4,14,4,20],[4,21,4,23],[5,1,5,12],[6,1,6,12],[7,1,7,12],[9,0,10,0],[9,1,9,24],[9,25,9,26],[9,27,9,28],[9,29,9,30],[9,31,10,31]]}
["TRAFFIC DAILY COUNTING"]
[]
["Name"," ",{"$nulls":12},"Day with maximum intensity",{"$nulls":6},{"$f":"INDIRECT(ADDRESS(MATCH(Y3,values_Total,0)+11,1))","v":{"$error":"#REF!"}},null,null,{"$f":"MAX(values_Total)","v":{"$error":"#REF!"}}]
["Location"," ",{"$nulls":12},"Hour with maximum intensity",{"$nulls":6},{"$f":"INDIRECT(ADDRESS(MATCH(Y4,values_RushTotal,0)+11,27))","v":{"$error":"#REF!"}},null,null,{"$f":"MAX(values_RushTotal)","v":{"$error":"#REF!"}}]
["Description"," ",{"$nulls":12},"Time with maximum intensity (more repeated)"]
["Lane"," "]
["Start date"," "]
["End Date"," "]
[]
["Date","Hour",{"$nulls":23},"Rush hour",null,"Day traffic 06-22",null,"Night traffic 22-06",null,"Total"]
[null,0,1,2,3,4,5,6,7,8,9,10,11,12,13,14,15,16,17,18,19,20,21,22,23,"Intensity","Hour","Intensity","%","Intensity","%"]
["00:00:00"]

{"sheet":"14","index":14,"n_rows":12,"n_cols":32,"rows_kept":12,"merged":[[0,0,0,31],[2,1,2,12],[2,14,2,20],[2,21,2,23],[2,24,2,26],[3,1,3,12],[3,14,3,20],[3,21,3,23],[3,24,3,26],[4,1,4,12],[4,14,4,20],[4,21,4,23],[5,1,5,12],[6,1,6,12],[7,1,7,12],[9,0,10,0],[9,1,9,24],[9,25,9,26],[9,27,9,28],[9,29,9,30],[9,31,10,31]]}
["TRAFFIC DAILY COUNTING"]
[]
["Name"," ",{"$nulls":12},"Day with maximum intensity",{"$nulls":6},{"$f":"INDIRECT(ADDRESS(MATCH(Y3,values_Total,0)+11,1))","v":{"$error":"#REF!"}},null,null,{"$f":"MAX(values_Total)","v":{"$error":"#REF!"}}]
["Location"," ",{"$nulls":12},"Hour with maximum intensity",{"$nulls":6},{"$f":"INDIRECT(ADDRESS(MATCH(Y4,values_RushTotal,0)+11,27))","v":{"$error":"#REF!"}},null,null,{"$f":"MAX(values_RushTotal)","v":{"$error":"#REF!"}}]
["Description"," ",{"$nulls":12},"Time with maximum intensity (more repeated)"]
["Lane"," "]
["Start date"," "]
["End Date"," "]
[]
["Date","Hour",{"$nulls":23},"Rush hour",null,"Day traffic 06-22",null,"Night traffic 22-06",null,"Total"]
[null,0,1,2,3,4,5,6,7,8,9,10,11,12,13,14,15,16,17,18,19,20,21,22,23,"Intensity","Hour","Intensity","%","Intensity","%"]
["00:00:00"]

{"sheet":"15","index":15,"n_rows":12,"n_cols":32,"rows_kept":12,"merged":[[0,0,0,31],[2,1,2,12],[2,14,2,20],[2,21,2,23],[2,24,2,26],[3,1,3,12],[3,14,3,20],[3,21,3,23],[3,24,3,26],[4,1,4,12],[4,14,4,20],[4,21,4,23],[5,1,5,12],[6,1,6,12],[7,1,7,12],[9,0,10,0],[9,1,9,24],[9,25,9,26],[9,27,9,28],[9,29,9,30],[9,31,10,31]]}
["TRAFFIC DAILY COUNTING"]
[]
["Name"," ",{"$nulls":12},"Day with maximum intensity",{"$nulls":6},{"$f":"INDIRECT(ADDRESS(MATCH(Y3,values_Total,0)+11,1))","v":{"$error":"#REF!"}},null,null,{"$f":"MAX(values_Total)","v":{"$error":"#REF!"}}]
["Location"," ",{"$nulls":12},"Hour with maximum intensity",{"$nulls":6},{"$f":"INDIRECT(ADDRESS(MATCH(Y4,values_RushTotal,0)+11,27))","v":{"$error":"#REF!"}},null,null,{"$f":"MAX(values_RushTotal)","v":{"$error":"#REF!"}}]
["Description"," ",{"$nulls":12},"Time with maximum intensity (more repeated)"]
["Lane"," "]
["Start date"," "]
["End Date"," "]
[]
["Date","Hour",{"$nulls":23},"Rush hour",null,"Day traffic 06-22",null,"Night traffic 22-06",null,"Total"]
[null,0,1,2,3,4,5,6,7,8,9,10,11,12,13,14,15,16,17,18,19,20,21,22,23,"Intensity","Hour","Intensity","%","Intensity","%"]
["00:00:00"]

{"sheet":"16","index":16,"n_rows":12,"n_cols":32,"rows_kept":12,"merged":[[0,0,0,31],[2,1,2,12],[2,14,2,20],[2,21,2,23],[2,24,2,26],[3,1,3,12],[3,14,3,20],[3,21,3,23],[3,24,3,26],[4,1,4,12],[4,14,4,20],[4,21,4,23],[5,1,5,12],[6,1,6,12],[7,1,7,12],[9,0,10,0],[9,1,9,24],[9,25,9,26],[9,27,9,28],[9,29,9,30],[9,31,10,31]]}
["TRAFFIC DAILY COUNTING"]
[]
["Name"," ",{"$nulls":12},"Day with maximum intensity",{"$nulls":6},{"$f":"INDIRECT(ADDRESS(MATCH(Y3,values_Total,0)+11,1))","v":{"$error":"#REF!"}},null,null,{"$f":"MAX(values_Total)","v":{"$error":"#REF!"}}]
["Location"," ",{"$nulls":12},"Hour with maximum intensity",{"$nulls":6},{"$f":"INDIRECT(ADDRESS(MATCH(Y4,values_RushTotal,0)+11,27))","v":{"$error":"#REF!"}},null,null,{"$f":"MAX(values_RushTotal)","v":{"$error":"#REF!"}}]
["Description"," ",{"$nulls":12},"Time with maximum intensity (more repeated)"]
["Lane"," "]
["Start date"," "]
["End Date"," "]
[]
["Date","Hour",{"$nulls":23},"Rush hour",null,"Day traffic 06-22",null,"Night traffic 22-06",null,"Total"]
[null,0,1,2,3,4,5,6,7,8,9,10,11,12,13,14,15,16,17,18,19,20,21,22,23,"Intensity","Hour","Intensity","%","Intensity","%"]
["00:00:00"]

{"sheet":"17","index":17,"n_rows":12,"n_cols":32,"rows_kept":12,"merged":[[0,0,0,31],[2,1,2,12],[2,14,2,20],[2,21,2,23],[2,24,2,26],[3,1,3,12],[3,14,3,20],[3,21,3,23],[3,24,3,26],[4,1,4,12],[4,14,4,20],[4,21,4,23],[5,1,5,12],[6,1,6,12],[7,1,7,12],[9,0,10,0],[9,1,9,24],[9,25,9,26],[9,27,9,28],[9,29,9,30],[9,31,10,31]]}
["TRAFFIC DAILY COUNTING"]
[]
["Name"," ",{"$nulls":12},"Day with maximum intensity",{"$nulls":6},{"$f":"INDIRECT(ADDRESS(MATCH(Y3,values_Total,0)+11,1))","v":{"$error":"#REF!"}},null,null,{"$f":"MAX(values_Total)","v":{"$error":"#REF!"}}]
["Location"," ",{"$nulls":12},"Hour with maximum intensity",{"$nulls":6},{"$f":"INDIRECT(ADDRESS(MATCH(Y4,values_RushTotal,0)+11,27))","v":{"$error":"#REF!"}},null,null,{"$f":"MAX(values_RushTotal)","v":{"$error":"#REF!"}}]
["Description"," ",{"$nulls":12},"Time with maximum intensity (more repeated)"]
["Lane"," "]
["Start date"," "]
["End Date"," "]
[]
["Date","Hour",{"$nulls":23},"Rush hour",null,"Day traffic 06-22",null,"Night traffic 22-06",null,"Total"]
[null,0,1,2,3,4,5,6,7,8,9,10,11,12,13,14,15,16,17,18,19,20,21,22,23,"Intensity","Hour","Intensity","%","Intensity","%"]
["00:00:00"]

{"sheet":"18","index":18,"n_rows":12,"n_cols":32,"rows_kept":12,"merged":[[0,0,0,31],[2,1,2,12],[2,14,2,20],[2,21,2,23],[2,24,2,26],[3,1,3,12],[3,14,3,20],[3,21,3,23],[3,24,3,26],[4,1,4,12],[4,14,4,20],[4,21,4,23],[5,1,5,12],[6,1,6,12],[7,1,7,12],[9,0,10,0],[9,1,9,24],[9,25,9,26],[9,27,9,28],[9,29,9,30],[9,31,10,31]]}
["TRAFFIC DAILY COUNTING"]
[]
["Name"," ",{"$nulls":12},"Day with maximum intensity",{"$nulls":6},{"$f":"INDIRECT(ADDRESS(MATCH(Y3,values_Total,0)+11,1))","v":{"$error":"#REF!"}},null,null,{"$f":"MAX(values_Total)","v":{"$error":"#REF!"}}]
["Location"," ",{"$nulls":12},"Hour with maximum intensity",{"$nulls":6},{"$f":"INDIRECT(ADDRESS(MATCH(Y4,values_RushTotal,0)+11,27))","v":{"$error":"#REF!"}},null,null,{"$f":"MAX(values_RushTotal)","v":{"$error":"#REF!"}}]
["Description"," ",{"$nulls":12},"Time with maximum intensity (more repeated)"]
["Lane"," "]
["Start date"," "]
["End Date"," "]
[]
["Date","Hour",{"$nulls":23},"Rush hour",null,"Day traffic 06-22",null,"Night traffic 22-06",null,"Total"]
[null,0,1,2,3,4,5,6,7,8,9,10,11,12,13,14,15,16,17,18,19,20,21,22,23,"Intensity","Hour","Intensity","%","Intensity","%"]
["00:00:00"]

{"sheet":"19","index":19,"n_rows":12,"n_cols":32,"rows_kept":12,"merged":[[0,0,0,31],[2,1,2,12],[2,14,2,20],[2,21,2,23],[2,24,2,26],[3,1,3,12],[3,14,3,20],[3,21,3,23],[3,24,3,26],[4,1,4,12],[4,14,4,20],[4,21,4,23],[5,1,5,12],[6,1,6,12],[7,1,7,12],[9,0,10,0],[9,1,9,24],[9,25,9,26],[9,27,9,28],[9,29,9,30],[9,31,10,31]]}
["TRAFFIC DAILY COUNTING"]
[]
["Name"," ",{"$nulls":12},"Day with maximum intensity",{"$nulls":6},{"$f":"INDIRECT(ADDRESS(MATCH(Y3,values_Total,0)+11,1))","v":{"$error":"#REF!"}},null,null,{"$f":"MAX(values_Total)","v":{"$error":"#REF!"}}]
["Location"," ",{"$nulls":12},"Hour with maximum intensity",{"$nulls":6},{"$f":"INDIRECT(ADDRESS(MATCH(Y4,values_RushTotal,0)+11,27))","v":{"$error":"#REF!"}},null,null,{"$f":"MAX(values_RushTotal)","v":{"$error":"#REF!"}}]
["Description"," ",{"$nulls":12},"Time with maximum intensity (more repeated)"]
["Lane"," "]
["Start date"," "]
["End Date"," "]
[]
["Date","Hour",{"$nulls":23},"Rush hour",null,"Day traffic 06-22",null,"Night traffic 22-06",null,"Total"]
[null,0,1,2,3,4,5,6,7,8,9,10,11,12,13,14,15,16,17,18,19,20,21,22,23,"Intensity","Hour","Intensity","%","Intensity","%"]
["00:00:00"]

{"sheet":"20","index":20,"n_rows":12,"n_cols":32,"rows_kept":12,"merged":[[0,0,0,31],[2,1,2,12],[2,14,2,20],[2,21,2,23],[2,24,2,26],[3,1,3,12],[3,14,3,20],[3,21,3,23],[3,24,3,26],[4,1,4,12],[4,14,4,20],[4,21,4,23],[5,1,5,12],[6,1,6,12],[7,1,7,12],[9,0,10,0],[9,1,9,24],[9,25,9,26],[9,27,9,28],[9,29,9,30],[9,31,10,31]]}
["TRAFFIC DAILY COUNTING"]
[]
["Name"," ",{"$nulls":12},"Day with maximum intensity",{"$nulls":6},{"$f":"INDIRECT(ADDRESS(MATCH(Y3,values_Total,0)+11,1))","v":{"$error":"#REF!"}},null,null,{"$f":"MAX(values_Total)","v":{"$error":"#REF!"}}]
["Location"," ",{"$nulls":12},"Hour with maximum intensity",{"$nulls":6},{"$f":"INDIRECT(ADDRESS(MATCH(Y4,values_RushTotal,0)+11,27))","v":{"$error":"#REF!"}},null,null,{"$f":"MAX(values_RushTotal)","v":{"$error":"#REF!"}}]
["Description"," ",{"$nulls":12},"Time with maximum intensity (more repeated)"]
["Lane"," "]
["Start date"," "]
["End Date"," "]
[]
["Date","Hour",{"$nulls":23},"Rush hour",null,"Day traffic 06-22",null,"Night traffic 22-06",null,"Total"]
[null,0,1,2,3,4,5,6,7,8,9,10,11,12,13,14,15,16,17,18,19,20,21,22,23,"Intensity","Hour","Intensity","%","Intensity","%"]
["00:00:00"]

{"sheet":"21","index":21,"n_rows":12,"n_cols":32,"rows_kept":12,"merged":[[0,0,0,31],[2,1,2,12],[2,14,2,20],[2,21,2,23],[2,24,2,26],[3,1,3,12],[3,14,3,20],[3,21,3,23],[3,24,3,26],[4,1,4,12],[4,14,4,20],[4,21,4,23],[5,1,5,12],[6,1,6,12],[7,1,7,12],[9,0,10,0],[9,1,9,24],[9,25,9,26],[9,27,9,28],[9,29,9,30],[9,31,10,31]]}
["TRAFFIC DAILY COUNTING"]
[]
["Name"," ",{"$nulls":12},"Day with maximum intensity",{"$nulls":6},{"$f":"INDIRECT(ADDRESS(MATCH(Y3,values_Total,0)+11,1))","v":{"$error":"#REF!"}},null,null,{"$f":"MAX(values_Total)","v":{"$error":"#REF!"}}]
["Location"," ",{"$nulls":12},"Hour with maximum intensity",{"$nulls":6},{"$f":"INDIRECT(ADDRESS(MATCH(Y4,values_RushTotal,0)+11,27))","v":{"$error":"#REF!"}},null,null,{"$f":"MAX(values_RushTotal)","v":{"$error":"#REF!"}}]
["Description"," ",{"$nulls":12},"Time with maximum intensity (more repeated)"]
["Lane"," "]
["Start date"," "]
["End Date"," "]
[]
["Date","Hour",{"$nulls":23},"Rush hour",null,"Day traffic 06-22",null,"Night traffic 22-06",null,"Total"]
[null,0,1,2,3,4,5,6,7,8,9,10,11,12,13,14,15,16,17,18,19,20,21,22,23,"Intensity","Hour","Intensity","%","Intensity","%"]
["00:00:00"]

{"sheet":"22","index":22,"n_rows":12,"n_cols":32,"rows_kept":12,"merged":[[0,0,0,31],[2,1,2,12],[2,14,2,20],[2,21,2,23],[2,24,2,26],[3,1,3,12],[3,14,3,20],[3,21,3,23],[3,24,3,26],[4,1,4,12],[4,14,4,20],[4,21,4,23],[5,1,5,12],[6,1,6,12],[7,1,7,12],[9,0,10,0],[9,1,9,24],[9,25,9,26],[9,27,9,28],[9,29,9,30],[9,31,10,31]]}
["TRAFFIC DAILY COUNTING"]
[]
["Name"," ",{"$nulls":12},"Day with maximum intensity",{"$nulls":6},{"$f":"INDIRECT(ADDRESS(MATCH(Y3,values_Total,0)+11,1))","v":{"$error":"#REF!"}},null,null,{"$f":"MAX(values_Total)","v":{"$error":"#REF!"}}]
["Location"," ",{"$nulls":12},"Hour with maximum intensity",{"$nulls":6},{"$f":"INDIRECT(ADDRESS(MATCH(Y4,values_RushTotal,0)+11,27))","v":{"$error":"#REF!"}},null,null,{"$f":"MAX(values_RushTotal)","v":{"$error":"#REF!"}}]
["Description"," ",{"$nulls":12},"Time with maximum intensity (more repeated)"]
["Lane"," "]
["Start date"," "]
["End Date"," "]
[]
["Date","Hour",{"$nulls":23},"Rush hour",null,"Day traffic 06-22",null,"Night traffic 22-06",null,"Total"]
[null,0,1,2,3,4,5,6,7,8,9,10,11,12,13,14,15,16,17,18,19,20,21,22,23,"Intensity","Hour","Intensity","%","Intensity","%"]
["00:00:00"]

{"sheet":"23","index":23,"n_rows":12,"n_cols":32,"rows_kept":12,"merged":[[0,0,0,31],[2,1,2,12],[2,14,2,20],[2,21,2,23],[2,24,2,26],[3,1,3,12],[3,14,3,20],[3,21,3,23],[3,24,3,26],[4,1,4,12],[4,14,4,20],[4,21,4,23],[5,1,5,12],[6,1,6,12],[7,1,7,12],[9,0,10,0],[9,1,9,24],[9,25,9,26],[9,27,9,28],[9,29,9,30],[9,31,10,31]]}
["TRAFFIC DAILY COUNTING"]
[]
["Name"," ",{"$nulls":12},"Day with maximum intensity",{"$nulls":6},{"$f":"INDIRECT(ADDRESS(MATCH(Y3,values_Total,0)+11,1))","v":{"$error":"#REF!"}},null,null,{"$f":"MAX(values_Total)","v":{"$error":"#REF!"}}]
["Location"," ",{"$nulls":12},"Hour with maximum intensity",{"$nulls":6},{"$f":"INDIRECT(ADDRESS(MATCH(Y4,values_RushTotal,0)+11,27))","v":{"$error":"#REF!"}},null,null,{"$f":"MAX(values_RushTotal)","v":{"$error":"#REF!"}}]
["Description"," ",{"$nulls":12},"Time with maximum intensity (more repeated)"]
["Lane"," "]
["Start date"," "]
["End Date"," "]
[]
["Date","Hour",{"$nulls":23},"Rush hour",null,"Day traffic 06-22",null,"Night traffic 22-06",null,"Total"]
[null,0,1,2,3,4,5,6,7,8,9,10,11,12,13,14,15,16,17,18,19,20,21,22,23,"Intensity","Hour","Intensity","%","Intensity","%"]
["00:00:00"]

{"sheet":"24","index":24,"n_rows":12,"n_cols":32,"rows_kept":12,"merged":[[0,0,0,31],[2,1,2,12],[2,14,2,20],[2,21,2,23],[2,24,2,26],[3,1,3,12],[3,14,3,20],[3,21,3,23],[3,24,3,26],[4,1,4,12],[4,14,4,20],[4,21,4,23],[5,1,5,12],[6,1,6,12],[7,1,7,12],[9,0,10,0],[9,1,9,24],[9,25,9,26],[9,27,9,28],[9,29,9,30],[9,31,10,31]]}
["TRAFFIC DAILY COUNTING"]
[]
["Name"," ",{"$nulls":12},"Day with maximum intensity",{"$nulls":6},{"$f":"INDIRECT(ADDRESS(MATCH(Y3,values_Total,0)+11,1))","v":{"$error":"#REF!"}},null,null,{"$f":"MAX(values_Total)","v":{"$error":"#REF!"}}]
["Location"," ",{"$nulls":12},"Hour with maximum intensity",{"$nulls":6},{"$f":"INDIRECT(ADDRESS(MATCH(Y4,values_RushTotal,0)+11,27))","v":{"$error":"#REF!"}},null,null,{"$f":"MAX(values_RushTotal)","v":{"$error":"#REF!"}}]
["Description"," ",{"$nulls":12},"Time with maximum intensity (more repeated)"]
["Lane"," "]
["Start date"," "]
["End Date"," "]
[]
["Date","Hour",{"$nulls":23},"Rush hour",null,"Day traffic 06-22",null,"Night traffic 22-06",null,"Total"]
[null,0,1,2,3,4,5,6,7,8,9,10,11,12,13,14,15,16,17,18,19,20,21,22,23,"Intensity","Hour","Intensity","%","Intensity","%"]
["00:00:00"]